000 00433nam a2200157 i 4500
001 69029
003 ES-MaACL
005 20230906170422.0
007 t|
008 040830s1934 sp ||||1| spa d
100 1 _aJuarros, César.
_967171
245 1 0 _aAtalayas sobre el fascismo /
_cCésar Juarros [y Ortega].
260 _aMadrid :
_bM. Yagües,
_c1934 (
_fSáez Hnos)
300 _a229 p. ;
_c19 cm.
852 _aES-MaACL
_jB-8878
999 _c69029
_d69029